Normal view
MARC view
- ATTI, C.C.D , GIANNINI , BOFFI, S
Entry Personal Name
001 - CONTROL NUMBER
- control field: 67924
003 - CONTROL NUMBER IDENTIFIER
- control field: NUST
005 - DATE AND TIME OF LATEST TRANSACTION
- control field: 20210628203934.0
008 - FIXED-LENGTH DATA ELEMENTS
- fixed length control field: 210628|| aca||aabn | a|a d
040 ## - CATALOGING SOURCE
- Original cataloging agency: NUST
- Transcribing agency: NUST
100 ## - HEADING--PERSONAL NAME
- Personal name: ATTI, C.C.D , GIANNINI , BOFFI, S
670 ## - SOURCE DATA FOUND
- Source citation: Work cat.: (NUST): ATTI, C.C.D , GIANNINI , BOFFI, S, PERSPECTIVES IN NUCLEAR PHYSICS AT INTERMEDIATE ENERGIES , HALY 6-10, 1991, 1992
